书目信息 |
| 题名: |
模拟移动床色谱技术
|
|
| 作者: | 林炳昌 编著 | |
| 分册: | ||
| 出版信息: | 北京 化学工业出版社 2008 |
|
| 页数: | 167页 | |
| 开本: | 24cm | |
| 丛书名: | 现代分离科学与技术丛书 | |
| 单 册: | ||
| 中图分类: | TQ203 , O657.7 | |
| 科图分类: | ||
| 主题词: | 模拟移动床吸附分离--色谱法 , 模拟移动床吸附分离 , 色谱法 | |
| 电子资源: | ||
| ISBN: | 978-7-122-01656-0 | |
| 000 | 00999oam2 2200289 45 | |
| 001 | 1050940172 | |
| 005 | 20100420095848.48 | |
| 010 | @a978-7-122-01656-0@dCNY28.00 | |
| 100 | @a20100409d2008 em y0chiy0120 ea | |
| 101 | 0 | @achi |
| 102 | @aCN@b110000 | |
| 105 | @aa z 000yy | |
| 106 | @ar | |
| 200 | 1 | @a模拟移动床色谱技术@AMo Ni Yi Dong Chuang Se Pu Ji Shu@f林炳昌编著@FLin Bing Chang Bian Zhu |
| 210 | @a北京@c化学工业出版社@d2008 | |
| 215 | @a167页@c图@d24cm | |
| 225 | 2 | @a现代分离科学与技术丛书 |
| 330 | @a本书介绍了模拟移动床色谱(SMB)技术的产生、发展、原理及应用,从色谱的规模化与连续化角度出发,分析了SMB技术的产生及工程特征,介绍了色谱从循环、错流到逆流的连续化发展过程。 | |
| 461 | 0 | @12001 @a现代分离科学与技术丛书 |
| 606 | 0 | @a模拟移动床吸附分离@x色谱法 |
| 606 | 0 | @a模拟移动床吸附分离 |
| 606 | 0 | @a色谱法 |
| 690 | @aTQ203@v4 | |
| 690 | @aO657.7@v4 | |
| 701 | 0 | @a林炳昌@ALin Bing Chang@4编著 |
| 801 | 0 | @aCN@bTANGWEI@c20100420 |
| 905 | @b0591962-66@dTQ203@e25@f5 | |
| 模拟移动床色谱技术/林炳昌编著.-北京:化学工业出版社,2008 |
| 167页:图;24cm.-(现代分离科学与技术丛书) |
| ISBN 978-7-122-01656-0:CNY28.00 |
| 本书介绍了模拟移动床色谱(SMB)技术的产生、发展、原理及应用,从色谱的规模化与连续化角度出发,分析了SMB技术的产生及工程特征,介绍了色谱从循环、错流到逆流的连续化发展过程。 |
| ● |
| 相关链接 |
|
|
|
|
正题名:模拟移动床色谱技术
索取号:TQ203/25
 
预约/预借
| 序号 | 登录号 | 条形码 | 馆藏地/架位号 | 状态 | 备注 |
| 1 | 0591962 | 205919620 | 第二样本阅览室/ [索取号:TQ203/25] | 在馆 | |
| 2 | 0591963 | 205919639 | 第三借阅区/ [索取号:TQ203/25] | 在馆 | |
| 3 | 0591964 | 205919648 | 第三借阅区/ [索取号:TQ203/25] | 在馆 | |
| 4 | 0591965 | 205919657 | 第三借阅区/ [索取号:TQ203/25] | 在馆 | |
| 5 | 0591966 | 205919666 | 第三借阅区/ [索取号:TQ203/25] | 在馆 |